[Event "Moscow op-A 17th"]
[Site "Moscow"]
[Date "2021.02.25"]
[Round "6"]
[White "Gornostaev, Yakov"]
[Black "Talalov, Anton"]
[Result "1/2-1/2"]
[WhiteElo "1888"]
[BlackElo "1766"]
[PlyCount "88"]
[EventDate "2021.02.20"]
[EventType "swiss"]
[EventRounds "9"]
[EventCountry "RUS"]
[SourceTitle "CBM 200 Extra"]
[Source "ChessBase"]
[SourceDate "2021.03.31"]
[SourceVersion "1"]
[SourceVersionDate "2021.03.31"]
[SourceQuality "1"]

1. Nf3 d5 2. g3 Nf6 3. Bg2 c6 4. b3 g6 5. Bb2 Bg7 6. 0-0 0-0 7. d3 Re8 8. Nbd2 Qc7 9. d4 Nbd7 10. c4 e6 11. Qc2 b6 12. Rfe1 Bb7 13. Rac1 Rac8 14. h3 Qb8 15. b4 c5 16. bxc5 bxc5 17. dxc5 Nxc5 18. Be5 Qa8 19. Qb2 Ncd7 20. Bd4 a5 21. cxd5 Bxd5 22. Bf1 Qb8 23. Qxb8 Rxb8 24. e4 Ba8 25. a4 Rec8 26. Rxc8+ Rxc8 27. Bb5 Rc7 28. Nc4 Bxe4 29. Nfd2 Bd3 30. Nxa5 Bxb5 31. axb5 Nd5 32. Bxg7 Kxg7 33. Ne4 N7b6 34. Nd6 Ra7 35. Ra1 Ra8 36. Ra3 Kf8 37. Ndc4 Nxc4 38. Nxc4 Rxa3 39. Nxa3 Nb6 40. Kg2 Ke7 41. Kf3 Kd6 42. Ke4 f6 43. f4 Kc5 44. Nc2 Nd5 1/2-1/2

[Event "Moscow op-A 17th"]
[Site "Moscow"]
[Date "2021.02.23"]
[Round "4"]
[White "Kleimenov, Nikolay"]
[Black "Gornostaev, Yakov"]
[Result "1-0"]
[WhiteElo "1600"]
[BlackElo "1888"]
[PlyCount "59"]
[EventDate "2021.02.20"]
[EventType "swiss"]
[EventRounds "9"]
[EventCountry "RUS"]
[SourceTitle "CBM 200 Extra"]
[Source "ChessBase"]
[SourceDate "2021.03.31"]
[SourceVersion "1"]
[SourceVersionDate "2021.03.31"]
[SourceQuality "1"]

1. e4 Nf6 2. e5 Nd5 3. d4 d6 4. Nf3 g6 5. Bc4 Nb6 6. Bb3 Bg7 7. a4 a5 8. exd6 cxd6 9. 0-0 0-0 10. h3 Nc6 11. Bg5 Bf5 12. Nc3 d5 13. Re1 Re8 14. Qd2 Qd7 15. Bh6 Bh8 16. Rad1 Rad8 17. Ne5 Nxe5 18. dxe5 d4 19. Nb5 d3 20. Qxa5 Qc6 21. cxd3 g5 22. Bxg5 Qg6 23. Re3 h6 24. Bxe7 Kh7 25. Bxd8 Rxd8 26. Nd6 Rxd6 27. exd6 Bd4 28. Rg3 Qf6 29. Rf3 Be5 30. d4 1-0

[Event "Moscow op-A 16th"]
[Site "Moscow"]
[Date "2020.02.02"]
[Round "9"]
[White "Gornostaev, Yakov"]
[Black "Alekseev, Mikhail1111"]
[Result "1-0"]
[WhiteElo "1827"]
[BlackElo "1948"]
[PlyCount "49"]
[EventDate "2020.01.25"]
[EventType "swiss"]
[EventRounds "9"]
[EventCountry "RUS"]
[SourceTitle "CBM 194 Extra"]
[Source "ChessBase"]
[SourceDate "2020.03.31"]
[SourceVersion "1"]
[SourceVersionDate "2020.03.31"]
[SourceQuality "1"]

1. e4 c6 2. Nc3 d5 3. Qe2 d4 4. Nd1 c5 5. d3 Nc6 6. f4 Qa5+ 7. Qd2 Nb4 8. c3 Nc6 9. Nf3 Bg4 10. Be2 Bxf3 11. Bxf3 e5 12. 0-0 Nf6 13. Qf2 0-0-0 14. Be2 Bd6 15. Qg3 Rdg8 16. fxe5 Bxe5 17. Bf4 Qc7 18. Rc1 Bxf4 19. Qxf4 Qxf4 20. Rxf4 Kb8 21. Nf2 Ne5 22. Rf5 Re8 23. Nh3 c4 24. cxd4 Nxd3 25. Rxc4 1-0

[Event "Moscow op-A 16th"]
[Site "Moscow"]
[Date "2020.01.30"]
[Round "6"]
[White "Razhbadinov, Rasul"]
[Black "Gornostaev, Yakov"]
[Result "1-0"]
[WhiteElo "1613"]
[BlackElo "1827"]
[PlyCount "111"]
[EventDate "2020.01.25"]
[EventType "swiss"]
[EventRounds "9"]
[EventCountry "RUS"]
[SourceTitle "CBM 194 Extra"]
[Source "ChessBase"]
[SourceDate "2020.03.31"]
[SourceVersion "1"]
[SourceVersionDate "2020.03.31"]
[SourceQuality "1"]

1. d4 e5 2. dxe5 d6 3. Nf3 Nc6 4. Bf4 Bf5 5. exd6 Bxd6 6. Bxd6 cxd6 7. c3 Nf6 8. Nbd2 0-0 9. e3 Re8 10. Be2 Ng4 11. h3 Nge5 12. Nxe5 Nxe5 13. Nf3 Nc6 14. 0-0 Re6 15. Bd3 Bg6 16. Re1 Bh5 17. Be2 Rh6 18. Qd5 Rb8 19. Qg5 f6 20. Qd5+ Bf7 21. Qd2 Qd7 22. Red1 Rd8 23. Nd4 Ne5 24. b3 Rg6 25. Kh2 f5 26. Nf3 Qe7 27. c4 Ng4+ 28. Kg1 Rh6 29. Qd4 Nf6 30. Ng5 Be8 31. Bf3 Rg6 32. h4 h6 33. Nh3 Ne4 34. Nf4 Qxh4 35. Bxe4 fxe4 36. Nxg6 Bxg6 37. Rd2 Kh7 38. c5 d5 39. Qe5 Rf8 40. Qh2 Qd8 41. Qd6 Qxd6 42. cxd6 Bf7 43. Rc1 Rd8 44. Rc7 Kg6 45. d7 Kf6 46. Rxb7 a5 47. Rd4 Ke5 48. Ra4 Be6 49. Rxa5 Bxd7 50. Raa7 Be6 51. Rxg7 d4 52. exd4+ Rxd4 53. Rg6 Rd1+ 54. Kh2 Rd2 55. Re7 Rd6 56. Rxh6 1-0

[Event "Moscow op-A 16th"]
[Site "Moscow"]
[Date "2020.01.26"]
[Round "2"]
[White "Shagdurov, Denis"]
[Black "Gornostaev, Yakov"]
[Result "1/2-1/2"]
[WhiteElo "2144"]
[BlackElo "1827"]
[PlyCount "82"]
[EventDate "2020.01.25"]
[EventType "swiss"]
[EventRounds "9"]
[EventCountry "RUS"]
[SourceTitle "CBM 194 Extra"]
[Source "ChessBase"]
[SourceDate "2020.03.31"]
[SourceVersion "1"]
[SourceVersionDate "2020.03.31"]
[SourceQuality "1"]

1. e4 e5 2. Nf3 d5 3. Nxe5 Bd6 4. d4 dxe4 5. Nc3 Nf6 6. Bg5 Bf5 7. Nd5 c6 8. Ne3 Be6 9. c3 Be7 10. Bc4 Nd5 11. Bxe7 Qxe7 12. Nxd5 cxd5 13. Bb5+ Bd7 14. Qb3 Qd6 15. Bxd7+ Nxd7 16. Qxb7 Rb8 17. Qxd7+ Qxd7 18. Nxd7 Kxd7 19. b3 Rhc8 20. Kd2 Rb6 21. Rac1 f5 22. g3 a5 23. Rb1 Rf8 24. c4 f4 25. gxf4 Rxf4 26. Ke2 Rbf6 27. Rbf1 g5 28. Rhg1 h6 29. Rg3 g4 30. h3 h5 31. hxg4 hxg4 32. Rg2 e3 33. Kxe3 Re4+ 34. Kd3 Rf3+ 35. Kc2 Re2+ 36. Kb1 Rd3 37. Rxg4 Rdd2 38. Rg7+ Ke8 39. Rg3 Rb2+ 40. Ka1 Rxa2+ 41. Kb1 Rab2+ 1/2-1/2

[Event "St Petersburg Korchnoi Memorial op"]
[Site "St Petersburg"]
[Date "2019.08.15"]
[Round "2"]
[White "Gornostaev, Yakov"]
[Black "Pereverzev, Timofei"]
[Result "1-0"]
[WhiteElo "1860"]
[BlackElo "1306"]
[PlyCount "63"]
[EventDate "2019.08.14"]
[EventType "swiss"]
[EventRounds "9"]
[EventCountry "RUS"]
[SourceTitle "CBM 192"]
[Source "ChessBase"]
[SourceDate "2019.10.31"]
[SourceVersion "1"]
[SourceVersionDate "2019.10.31"]
[SourceQuality "1"]

1. d4 d5 2. c4 dxc4 3. Nc3 a6 4. a4 Nc6 5. Nf3 Nf6 6. e3 Na5 7. Be2 Bf5 8. Nd2 Bd3 9. Bxd3 cxd3 10. Nf3 e6 11. 0-0 Be7 12. Qxd3 Nb3 13. Rb1 Nxc1 14. Rfxc1 0-0 15. b4 b6 16. Qc4 Qc8 17. Ne2 Ra7 18. Ne5 Bd6 19. Nc6 Ra8 20. Qc2 Nd7 21. Nc3 Qb7 22. Ne4 Rfe8 23. Ng5 g6 24. Qe4 Kg7 25. Nxf7 Nf6 26. Qf3 Qc8 27. Nxd6 cxd6 28. e4 Rf8 29. e5 Nd7 30. Qh3 Qe8 31. exd6 Rf5 32. Ne7 1-0